Visualizzazione normale
Vista MARC
- Pasculli Ettore
di Personal Name
Records bibliografici associati: 1
001 - CONTROL NUMBER
- control field: 43708
003 - CONTROL NUMBER IDENTIFIER
- control field: IT-RoPau
005 - DATE AND TIME OF LATEST TRANSACTION
- control field: 20151127114526.0
008 - FIXED-LENGTH DATA ELEMENTS
- fixed length control field: 151127|| aca||aabn | a|a d
040 ## - CATALOGING SOURCE
- Original cataloging agency: IT-RoPau
- Transcribing agency: IT-RoPau
100 ## - HEADING--PERSONAL NAME
- Personal name: Pasculli Ettore
- Miscellaneous information: Codice regista SPICS: 33095
670 ## - SOURCE DATA FOUND
- Source citation: Work cat.: (IT-RoPau)105851: Pasculli Ettore Codice regista SPICS: 33095, FUGA DAL PARADISO FUGA DAL PARADISO (Rif. Codice opera principale : B5023)